| 000 | 00957cab a22001935a 4500 | ||
|---|---|---|---|
| 001 | L137604 | ||
| 008 | 070418e20070416xxkd f 000 0 eng d | ||
| 035 | _a(Sirsi) u137604 | ||
| 041 | 0 | _aeng | |
| 245 | 0 | 0 | _aAustria and Switzerland |
| 260 | _c2007 | ||
| 490 | 0 |
_aEuroProperty _v16 April 2007, 27-31(5) |
|
| 520 | _aReviews the property market in these two countries suggesting that, although mostly overlooked by international investors until recently, stronger economic growth figures and loosening regulations are now attracting willing buyers. Investors are attracted to Austria by the country's stability and geography. Switzerland appeals because of rapid economic growth, but can cause some problems because of market secrecy and the widely differing tax systems of its 26 cantons. | ||
| 590 | _aKA | ||
| 651 | 4 | _aAUSTRIA | |
| 651 | 4 | _aSWITZERLAND | |
| 690 | _aPROPERTY-COMMERCIAL PROPERTY-OFFICE PROPERTY-OFFICE PROPERTY MARKET | ||
| 942 | _n0 | ||
| 999 |
_c78671 _d78671 |
||